| 000 | 00722cam a22002293a 4500 | ||
|---|---|---|---|
| 001 | 32280 | ||
| 003 | PGUSA | ||
| 005 | 20140828083711.0 | ||
| 008 | 100507s2010||||xxu|||||s|||||000 | eng d | ||
| 040 |
_aPGUSA _beng |
||
| 042 | _adc | ||
| 050 | 4 | _aNA | |
| 100 | 1 |
_aDearmer, Percy, _d1867-1936 |
|
| 245 | 1 | 0 |
_aBell's Cathedrals : _bThe Cathedral Church of Wells : A Description of Its Fabric and a Brief History of the Episcopal See _h[electronic resource] / _cPercy Dearmer |
| 260 |
_bProject Gutenberg, _c2010 |
||
| 506 | _aPublic domain in the USA. | ||
| 516 | _aElectronic text | ||
| 653 | _aWells Cathedral | ||
| 830 | 0 |
_aProject Gutenberg _v32280 |
|
| 856 | 4 | 0 | _uhttp://www.gutenberg.org/ebooks/32280 |
| 942 | _cEB | ||
| 999 |
_c261535 _d261535 |
||